Las enfermedades mentales en Chile: magnitud y consecuencias
保存先:
| 第一著者: | |
|---|---|
| その他の著者: | |
| フォーマット: | 図書 |
| 言語: | スペイン語 |
| 出版事項: |
Santiago
Ministerio de Salud
1999
|
| 主題: | |
| タグ: |
タグ追加
タグなし, このレコードへの初めてのタグを付けませんか!
|
MARC
| LEADER | 00000nam a2200000 a 4500 | ||
|---|---|---|---|
| 001 | UCP4469 | ||
| 003 | CL-VaPUC | ||
| 008 | 990731e19990000CL |||||||||||||||||spa|d | ||
| 082 | 0 | 4 | |a 616.89 |b MIN |2 21 |
| 100 | |a Minoletti, Alberto |e autor |9 431951 | ||
| 700 | |a López Stewart, Carmen |e autora |9 431952 | ||
| 245 | 1 | 4 | |a Las enfermedades mentales en Chile: magnitud y consecuencias |
| 300 | |a 148 p | ||
| 942 | |c BK | ||
| 945 | |d 19990731 00:00:00 |a vberengu | ||
| 260 | |a Santiago |b Ministerio de Salud |c 1999 | ||
| 650 | 0 | |a Alcoholismo |9 259651 | |
| 650 | 0 | |a Drogas |9 254877 | |
| 650 | 0 | |a Enfermedades mentales |9 310204 | |
| 650 | 0 | |a Educación básica |9 224933 | |
| 650 | 0 | |a Familias |9 255641 | |
| 650 | 0 | |a Salud mental |9 308393 | |
| 650 | 0 | |a Trastornos mentales |9 307475 | |
| 583 | |a last modification |c 20150107 01:19:17 |k Rodrigo Vera | ||
| 999 | |c 282416 |d 282414 | ||
| 952 | |0 0 |1 0 |4 0 |6 616_890000000000000_MIN_1999 |7 0 |8 A |9 324114 |a BIBGIM |b BIBGIM |d 2019-11-20 |i 3542203 |o 616.89 MIN 1999 |p 3542203 |r 2025-01-15 |w 2019-11-20 |y BK |k GIM | ||
| 952 | |0 0 |1 0 |4 0 |6 616_890000000000000_MIN_1999 |7 0 |8 A |9 324115 |a BIBGIM |b BIBGIM |d 2019-11-20 |i 355922K |o 616.89 MIN 1999 |p 355922K |r 2025-01-15 |w 2019-11-20 |y BK |k SSL | ||
| 952 | |0 0 |1 0 |4 0 |6 616_890000000000000_MIN_1999 |7 0 |8 A |9 324116 |a BIBEDU |b BIBEDU |c ES_NOD |d 2019-11-20 |i 3580121 |l 1 |o 616.89 MIN 1999 |p 3580121 |r 2023-10-24 |s 2023-10-24 |w 2019-11-20 |y BK |k BME | ||